<?xml version="1.0" encoding="UTF-8"?>
<collection xmlns="http://www.loc.gov/MARC21/slim">
  <record>
    <leader>00000nam  2200000   4500</leader>
    <controlfield tag="001">INLIS000000000006155</controlfield>
    <controlfield tag="005">20191115102518</controlfield>
    <datafield tag="035" ind1="#" ind2="#">
      <subfield code="a">0010-1119000114</subfield>
    </datafield>
    <controlfield tag="007">ta</controlfield>
    <controlfield tag="008">191115################g##########0#ind##</controlfield>
    <datafield tag="082" ind1="#" ind2="#">
      <subfield code="a">301</subfield>
    </datafield>
    <datafield tag="084" ind1="#" ind2="#">
      <subfield code="a">301 Tur r</subfield>
    </datafield>
    <datafield tag="100" ind1=" " ind2="#">
      <subfield code="a">Turner, Bryan S.</subfield>
    </datafield>
    <datafield tag="245" ind1="1" ind2="#">
      <subfield code="a">Runtuhnya Universalitas Sosiologi Barat /</subfield>
      <subfield code="c">Bryan S. Turner</subfield>
    </datafield>
    <datafield tag="250" ind1="#" ind2="#">
      <subfield code="a">Cet.2</subfield>
    </datafield>
    <datafield tag="260" ind1="#" ind2="#">
      <subfield code="a">Yogyakarta :</subfield>
      <subfield code="b">Ar-Ruzz Media,</subfield>
      <subfield code="c">2006</subfield>
    </datafield>
    <datafield tag="300" ind1="#" ind2="#">
      <subfield code="a">420 hlm. ;</subfield>
      <subfield code="c">21 cm</subfield>
    </datafield>
    <datafield tag="650" ind1="#" ind2="#">
      <subfield code="a">Sosiologi Barat-Antropologi</subfield>
    </datafield>
    <datafield tag="520" ind1="#" ind2="#">
      <subfield code="a">Turner mencoba melakukan suatu "pembongkaran wacana" terhadap apa saja yang selama ini pernah dilontrakan oleh dunia barat, terkhusus lagi mengenai wacana Orientalisme (Islam vis a vis Barat). Postmodernisme, dan globalisme: tiga maslah krusial yang kerap menyedot energi intelektual kita. Dengan menggunakan analisis kultural, Turner berupaya menjadi kaca benggala yang memantulkan realitas sesungguhnya; jika sesuatu itu A, ya dikatakan A, jika B yang dikatakan B, begitu seterusnya. Sebuah kejujuran intelektual yang jarang dimiliki oleh siapapun.</subfield>
    </datafield>
    <datafield tag="856" ind1="#" ind2="#">
      <subfield code="a">Perpustakaan Lembaga Administrasi Negara</subfield>
    </datafield>
    <datafield tag="990" ind1="#" ind2="#">
      <subfield code="a">080111085</subfield>
    </datafield>
    <datafield tag="990" ind1="#" ind2="#">
      <subfield code="a">080111086</subfield>
    </datafield>
    <datafield tag="990" ind1="#" ind2="#">
      <subfield code="a">080111087</subfield>
    </datafield>
  </record>
</collection>
